State Capitals Containing the Letter C - Statistics

General Stats
  • This quiz has been taken 158 times
  • The average score is 15 of 16
Answer Stats
Answer % Correct
Sacramento
100%
Carson City
99%
Charleston
99%
Columbia
97%
Columbus
97%
Oklahoma City
94%
Salt Lake City
94%
Richmond
93%
Jackson
91%
Jefferson City
91%
Bismarck
88%
Concord
87%
Lincoln
87%
Cheyenne
86%
Little Rock
84%
Providence
84%
No matching quizzes found
Score Distribution
Percent of People with Each Score
Percentile by Number Answered
Your Score History
You have not taken this quiz